LEADER 00788nam0 2200265 450 001 000011004 005 20080512124903.0 100 $a20080512d1967----km-y0itay50------ba 101 2 $ager$aita 102 $aIT 105 $ay-------001-y 200 1 $aEiniges über schiff motor und segel$fMassimo Schulte 210 $aNapoli$c[s. n.]$dc1967$gTip. Artigianelli 215 $a35 p.$d24 cm 676 $a438$v20 700 1$aSchulte,$bMassimo$0630076 801 0$aIT$bUNIPARTHENOPE$c20080512$gRICA$2UNIMARC 912 $a000011004 951 $a438/119$b25713$cNAVA1 951 $a438/118$b28857$cNAVA1 951 $a438/118$b25713$cNAVA1 951 $a438/116$b103$cNAVA1 951 $a438/117$b104$cNAVA1 996 $aEiniges über schiff motor und segel$91203930 997 $aUNIPARTHENOPE